| 000 | 01825nam0a2200325 4500 | ||
|---|---|---|---|
| 001 | RU\NLR\BIBL_A\011786275 | ||
| 005 | 20260406212412.0 | ||
| 010 |
_9500 _d8 р. |
||
| 021 |
_aRU _b91-611 |
||
| 035 | _a(NLR Aleph) 011786275 | ||
| 090 |
_a11802359 _c11802359 |
||
| 100 | _a20180911d1990 |||y0rusy50 ca | ||
| 101 | 0 | _arus | |
| 102 | _aRU | ||
| 105 | _aa z 000zy | ||
| 200 | 1 |
_aПроизводство индустриальных масел для промышленного оборудования _e[тематический обзор] _fК.М. Бадыштова, П.Н. Узункоян, Э.Б. Иванкина [и др.] _gМинистерство химической и нефтеперерабатывающей промышленности СССР |
|
| 210 |
_aМосква _cЦНИИ информации и технико-экономических исследований химической и нефтеперерабатывающей промышленности _d1990 |
||
| 215 |
_a101, [2] с. _cил. _d21 |
||
| 320 | _aБиблиогр.: с. 98-102 (60 назв.) | ||
| 606 |
_aИндустриальные масла _xПроизводство _91184524 _3RU\NLR\AUTH\66477136 |
||
| 686 | 1 | _aЛ543.3 | |
| 701 | 1 |
_aБадыштова _bК. М. _gКнара Мамбреевна |
|
| 701 | 1 |
_aУзункоян _bП. Н. |
|
| 701 | 1 |
_aИванкина _bЭ. Б. |
|
| 712 | 0 | 2 |
_4475 _aЦНИИ информации и технико-экономических исследований химической и нефтеперерабатывающей промышленности _cМосква _9435853 _3RU\NLR\AUTH\889969781 |
| 852 |
_aNLR _j90-3/13198 |
||
| 942 | _cBOOK | ||
| 980 | _aNB | ||